| 000 | 00580cam a22002171 4500 | ||
|---|---|---|---|
| 001 | sa 67001401 | ||
| 003 | DLC | ||
| 005 | 20260227112322.0 | ||
| 008 | 890713s1964 np ch 000 0 nepo | ||
| 010 | _asa 67001401 | ||
| 035 | _a(OCoLC)20004200 | ||
| 040 |
_aDLC _cWaU _dDLC |
||
| 050 | 0 | 0 |
_aGR305.5.K56 _bC45 |
| 100 | 1 |
_aCemjoṅga, Īmāna Siṃha, _d1904-1976. |
|
| 245 | 1 | 0 | _aKirātī dantya-kathā. |
| 260 | _c[1964/65] | ||
| 300 |
_a101 p. _bfacsim., port. _c18 cm. |
||
| 500 | _aIn Nepali. | ||
| 650 | 0 |
_aKiranti (Asian people) _xFolklore. |
|
| 650 | 0 |
_aLegends _zAsia. |
|
| 999 |
_c72603 _d72603 |
||